BIBLIOTECA

SENCICO

Italian design / (Registro nro. 255)

Detalles MARC
000 -LEADER
fixed length control field 00888nam a2200229Ia 4500
003 - CONTROL NUMBER IDENTIFIER
control field PE SENCICO BE
005 - DATE AND TIME OF LATEST TRANSACTION
control field 20251020182431.0
008 - FIXED-LENGTH DATA ELEMENTS--GENERAL INFORMATION
fixed length control field 200515s9999 xx 000 0 und d
020 ## - INTERNATIONAL STANDARD BOOK NUMBER
International Standard Book Number 3-8228-0764-8
040 ## - CATALOGING SOURCE
Original cataloging agency PE SENCICO BE
Transcribing agency PE SENCICO BE
041 ## - LANGUAGE CODE
Language code of text/sound track or separate title spa
082 ## - DEWEY DECIMAL CLASSIFICATION NUMBER
Classification number 745.40945
Item number B74
100 1# - MAIN ENTRY--PERSONAL NAME
Personal name Börnsen-Holtmann, Nina
9 (RLIN) 2577
Relator term autor
245 10 - TITLE STATEMENT
Title Italian design /
Statement of responsibility, etc. Nina Nörnsen-Holtmann
260 ## - PUBLICATION, DISTRIBUTION, ETC.
Place of publication, distribution, etc. [Colonia] :
Name of publisher, distributor, etc. Taschen ;
Date of publication, distribution, etc. 1995
300 ## - PHYSICAL DESCRIPTION
Extent 175 p. :
Other physical details il., graf. ;
Dimensions 30 cm.
505 0# - FORMATTED CONTENTS NOTE
Formatted contents note La línea italiana -- La belleza de la sobriedad -- Entre realidad y utopía -- Del boom a la rebelión -- Anything goes -- Radicalismo y nostalgia -- Muebles con fuerzas mágicas -- Biografías -- Fabricantes -- Indice onomástico -- Créditos fotográficos.
650 10 - SUBJECT ADDED ENTRY--TOPICAL TERM
Topical term or geographic name entry element Arte y diseño
9 (RLIN) 966
650 20 - SUBJECT ADDED ENTRY--TOPICAL TERM
Topical term or geographic name entry element Muebles
9 (RLIN) 239
651 10 - SUBJECT ADDED ENTRY--GEOGRAPHIC NAME
9 (RLIN) 1460
Geographic name Italia
942 ## - ADDED ENTRY ELEMENTS (KOHA)
Koha item type Libros
Source of classification or shelving scheme Dewey Decimal Classification
Existencias
Fecha de la última vez que lo usaron Número de ingreso o de inventario Pago total Signatura topográfica completa Código de barras Precio efectivo desde Tipo de documento Estado perdido Sistema de clasificación Estado dañado No es para préstamo Retirado Ubicación permanente Ubicación actual Fecha de adquisición
15/05/2020 12924   745.40945/B74 BibLima24080047 15/05/2020 Libros   Dewey Decimal Classification       Biblioteca Central Lima Biblioteca Central Lima 15/05/2020